| 000 | 01030cam a2200277 a 4500 | ||
|---|---|---|---|
| 001 | 76220 | ||
| 005 | 20230410123519.0 | ||
| 008 | 080117s2005 dr l 000 0 eng | ||
| 010 | _a 2008350580 | ||
| 035 | _a(OCoLC)ocn214936091 | ||
| 040 |
_aDLC _cDLC _dBTCTA |
||
| 035 | _a(OCoLC)214936091 | ||
| 043 | _anwdr--- | ||
| 050 | 1 | 4 |
_aKGQ 3367 _bR426l 2005 |
| 110 | 1 | _aRepública Dominicana | |
| 245 | 1 | 0 | _aLey general de libre acceso a la información pública, no. 200-04. Decreto No. 130-05 que aprueba el Reglamento de la Ley general de libre acceso a la Información pública. |
| 260 |
_aSanto Domingo, República Dominicana : _bFINJUS _c2005 |
||
| 300 |
_a81 p. ; _c20 cm. |
||
| 650 | 0 |
_aFreedom of information _zDominican Republic. |
|
| 650 | 0 |
_aGovernment information _zDominican Republic. |
|
| 710 | 1 | 2 |
_aDominican Republic. _tReglamento de la Ley general de libre acceso a la información pública. |
| 938 |
_aBaker and Taylor _bBTCP _n2008350580 |
||
| 942 |
_2lcc _cbk |
||
| 946 | _accruz | ||
| 994 |
_aC0 _bDRFGD |
||
| 999 |
_c62962 _d62962 |
||